[Event "Stay Safe Play From Home 256"]
[Site "Emanuel Lasker Arena"]
[Date "2020.06.26"]
[Round "4"]
[White "Grizzzly"]
[Black "Fischer_11"]
[Result "1-0"]
[WhiteElo "1804"]
[BlackElo "1956"]
[Annotator "NA"]
[PlyCount "107"]
[EventDate "2020.06.26"]
[EventType "swiss (blitz)"]

1. d4 {[%emt 0:00:01]} e5 {[%emt 0:00:02]} 2. c4 {[%emt 0:00:00]} exd4 {[%emt 0:00:01]} 3. Nf3 {[%emt 0:00:01]} c5 {[%emt 0:00:01]} 4. Bf4 {[%emt 0:00:01]} Nf6 {[%emt 0:00:01]} 5. e3 {[%emt 0:00:01]} dxe3 {[%emt 0:00:02]} 6. Bxe3 {[%emt 0:00:01]} d5 {[%emt 0:00:01]} 7. cxd5 {[%emt 0:00:02]} Qxd5 {[%emt 0:00:00]} 8. Bb5+ {[%emt 0:00:02]} Bd7 {[%emt 0:00:02]} 9. Bxd7+ {[%emt 0:00:01]} Nbxd7 {[%emt 0:00:00]} 10. Nbd2 {[%emt 0:00:01]} b6 {[%emt 0:00:03]} 11. O-O {[%emt 0:00:00]} Bd6 {[%emt 0:00:01]} 12. Re1 {[%emt 0:00:00]} O-O {[%emt 0:00:01]} 13. Bg5 {[%emt 0:00:02]} Rfe8 {[%emt 0:00:03]} 14. Rxe8+ {[%emt 0:00:01]} Rxe8 {[%emt 0:00:02]} 15. Nb3 {[%emt 0:00:07]} Qxd1+ {[%emt 0:00:02]} 16. Rxd1 {[%emt 0:00:01]} Bb8 {[%emt 0:00:02]} 17. h3 {[%emt 0:00:02]} h6 {[%emt 0:00:01]} 18. Be3 {[%emt 0:00:01]} a6 {[%emt 0:00:09]} 19. Nbd2 {[%emt 0:00:00]} Ne5 {[%emt 0:00:03]} 20. Nxe5 {[%emt 0:00:02]} Bxe5 {[%emt 0:00:00]} 21. Nc4 {[%emt 0:00:01]} Bc7 {[%emt 0:00:02]} 22. a3 {[%emt 0:00:04]} Rd8 {[%emt 0:00:01]} 23. Rxd8+ {[%emt 0:00:03]} Bxd8 {[%emt 0:00:00]} 24. Kf1 {[%emt 0:00:00]} Nd5 {[%emt 0:00:01]} 25. Ke2 {[%emt 0:00:01]} Nxe3 {[%emt 0:00:01]} 26. Kxe3 {[%emt 0:00:00]} Kf8 {[%emt 0:00:00]} 27. f4 {[%emt 0:00:01]} f6 {[%emt 0:00:01]} 28. g4 {[%emt 0:00:00]} Ke7 {[%emt 0:00:01]} 29. Ke4 {[%emt 0:00:00]} g6 {[%emt 0:00:01]} 30. f5 {[%emt 0:00:01]} g5 {[%emt 0:00:01]} 31. Ne3 {[%emt 0:00:01]} b5 {[%emt 0:00:03]} 32. Nd5+ {[%emt 0:00:00]} Kd6 {[%emt 0:00:01]} 33. b4 {[%emt 0:00:02]} c4 {[%emt 0:00:01]} 34. Nc3 {[%emt 0:00:01]} Bb6 {[%emt 0:00:03]} 35. a4 {[%emt 0:00:01]} Kc6 {[%emt 0:00:03]} 36. axb5+ {[%emt 0:00:01]} axb5 {[%emt 0:00:00]} 37. Nd5 {[%emt 0:00:00]} Bc7 {[%emt 0:00:01]} 38. Nxf6 {[%emt 0:00:01]} Bd6 {[%emt 0:00:00]} 39. Ng8 {[%emt 0:00:01]} Bxb4 {[%emt 0:00:01]} 40. Nxh6 {[%emt 0:00:00]} c3 {[%emt 0:00:00]} 41. Nf7 {[%emt 0:00:01]} c2 {[%emt 0:00:01]} 42. Ne5+ {[%emt 0:00:02]} Kb7 {[%emt 0:00:01]} 43. Nd3 {[%emt 0:00:00]} c1=Q {[%emt 0:00:00]} 44. Nxc1 {[%emt 0:00:01]} Bc5 {[%emt 0:00:00]} 45. Nd3 {[%emt 0:00:00]} b4 {[%emt 0:00:00]} 46. Nxc5+ {[%emt 0:00:00]} Kc6 {[%emt 0:00:01]} 47. Ne6 {[%emt 0:00:00]} Kb5 {[%emt 0:00:00]} 48. f6 {[%emt 0:00:00]} Kc4 {[%emt 0:00:00]} 49. f7 {[%emt 0:00:00]} b3 {[%emt 0:00:00]} 50. f8=Q {[%emt 0:00:00]} b2 {[%emt 0:00:00]} 51. Qc5+ {[%emt 0:00:01]} Kb3 {[%emt 0:00:01]} 52. Nd4+ {[%emt 0:00:00]} Ka2 {[%emt 0:00:00]} 53. Qa5+ {[%emt 0:00:01]} Kb1 {[%emt 0:00:01]} 54. Qe1+ {[%emt 0:00:01] Zeit (Lag: Av=0.29s, max=0.6s)} 1-0

[Event "Stay Safe Play From Home 256"]
[Site "Emanuel Lasker Arena"]
[Date "2020.06.26"]
[Round "5"]
[White "Lnram"]
[Black "Lamborghini"]
[Result "1-0"]
[WhiteElo "2473"]
[BlackElo "2214"]
[PlyCount "131"]
[EventDate "2020.06.26"]
[EventType "swiss (blitz)"]

1. g3 {[%emt 0:00:00]} e5 {[%emt 0:00:01]} 2. Bg2 {[%emt 0:00:01]} d5 {[%emt 0:00:00]} 3. d3 {[%emt 0:00:01]} Nf6 {[%emt 0:00:01]} 4. c4 {[%emt 0:00:01]} dxc4 {[%emt 0:00:01]} 5. Qa4+ {[%emt 0:00:01]} c6 {[%emt 0:00:01]} 6. Qxc4 {[%emt 0:00:01]} Bd6 {[%emt 0:00:01]} 7. a3 {[%emt 0:00:01]} O-O {[%emt 0:00:01]} 8. Nf3 {[%emt 0:00:01]} Be6 {[%emt 0:00:01]} 9. Qc2 {[%emt 0:00:01]} h6 {[%emt 0:00:00]} 10. O-O {[%emt 0:00:01]} a5 {[%emt 0:00:01]} 11. Nc3 {[%emt 0:00:01]} Re8 {[%emt 0:00:01]} 12. b3 {[%emt 0:00:02]} Qb6 {[%emt 0:00:02]} 13. Nd2 {[%emt 0:00:02]} Qc7 {[%emt 0:00:02]} 14. Bb2 {[%emt 0:00:01]} Na6 {[%emt 0:00:01]} 15. Nc4 {[%emt 0:00:01]} Bf8 {[%emt 0:00:01]} 16. Ne4 {[%emt 0:00:02]} Nxe4 {[%emt 0:00:01]} 17. Bxe4 {[%emt 0:00:02]} Bd5 {[%emt 0:00:02]} 18. Bxd5 {[%emt 0:00:03]} cxd5 {[%emt 0:00:01]} 19. Ne3 {[%emt 0:00:01]} Qd7 {[%emt 0:00:01]} 20. Qd2 {[%emt 0:00:01]} Nc5 {[%emt 0:00:02]} 21. Qd1 {[%emt 0:00:02]} a4 {[%emt 0:00:03]} 22. b4 {[%emt 0:00:02]} Nb3 {[%emt 0:00:01]} 23. Rb1 {[%emt 0:00:01]} b5 {[%emt 0:00:02]} 24. Nc2 {[%emt 0:00:02]} Rac8 {[%emt 0:00:02]} 25. Na1 {[%emt 0:00:01]} Nxa1 {[%emt 0:00:02]} 26. Rxa1 {[%emt 0:00:00]} d4 {[%emt 0:00:01]} 27. Qd2 {[%emt 0:00:01]} Qd5 {[%emt 0:00:02]} 28. Rac1 {[%emt 0:00:01]} Qb3 {[%emt 0:00:01]} 29. Rxc8 {[%emt 0:00:01]} Rxc8 {[%emt 0:00:01]} 30. Rc1 {[%emt 0:00:01]} Rxc1+ {[%emt 0:00:01]} 31. Qxc1 {[%emt 0:00:00]} g6 {[%emt 0:00:01]} 32. Kg2 {[%emt 0:00:01]} h5 {[%emt 0:00:01]} 33. h4 {[%emt 0:00:01]} Qd5+ {[%emt 0:00:01]} 34. Kg1 {[%emt 0:00:01]} Kg7 {[%emt 0:00:01]} 35. Qc7 {[%emt 0:00:01]} Bd6 {[%emt 0:00:01]} 36. Qd7 {[%emt 0:00:02]} Qe6 {[%emt 0:00:02]} 37. Qxe6 {[%emt 0:00:01]} fxe6 {[%emt 0:00:00]} 38. e3 {[%emt 0:00:00]} dxe3 {[%emt 0:00:02]} 39. fxe3 {[%emt 0:00:00]} Kf6 {[%emt 0:00:00]} 40. Kf2 {[%emt 0:00:00]} Kf5 {[%emt 0:00:01]} 41. Kf3 {[%emt 0:00:00]} Bc7 {[%emt 0:00:03]} 42. Bc3 {[%emt 0:00:01]} g5 {[%emt 0:00:02]} 43. hxg5 {[%emt 0:00:01]} Kxg5 {[%emt 0:00:01]} 44. Bd2 {[%emt 0:00:01]} Kf5 {[%emt 0:00:01]} 45. Bc3 {[%emt 0:00:01]} Kg5 {[%emt 0:00:01]} 46. Be1 {[%emt 0:00:01]} Kf5 {[%emt 0:00:00]} 47. e4+ {[%emt 0:00:00]} Kg6 {[%emt 0:00:01]} 48. Bd2 {[%emt 0:00:01]} Bd6 {[%emt 0:00:00]} 49. g4 {[%emt 0:00:00]} Be7 {[%emt 0:00:01]} 50. gxh5+ {[%emt 0:00:01]} Kxh5 {[%emt 0:00:00]} 51. Bc3 {[%emt 0:00:00]} Bg5 {[%emt 0:00:01]} 52. Bxe5 {[%emt 0:00:01]} Bc1 {[%emt 0:00:00]} 53. Bc3 {[%emt 0:00:01]} Kg6 {[%emt 0:00:01]} 54. d4 {[%emt 0:00:01]} Bxa3 {[%emt 0:00:00]} 55. d5 {[%emt 0:00:00]} exd5 {[%emt 0:00:01]} 56. exd5 {[%emt 0:00:00]} Kf7 {[%emt 0:00:00]} 57. Ke4 {[%emt 0:00:00]} Bc1 {[%emt 0:00:01]} 58. Kd4 {[%emt 0:00:00]} a3 {[%emt 0:00:00]} 59. Kc5 {[%emt 0:00:01]} Bb2 {[%emt 0:00:00]} 60. Kd4 {[%emt 0:00:01]} a2 {[%emt 0:00:01]} 61. Bxb2 {[%emt 0:00:01]} Ke7 {[%emt 0:00:00]} 62. Ba1 {[%emt 0:00:00]} Kd6 {[%emt 0:00:00]} 63. Bb2 {[%emt 0:00:00]} Kd7 {[%emt 0:00:00]} 64. Kc5 {[%emt 0:00:00]} Kc7 {[%emt 0:00:01]} 65. Ba1 {[%emt 0:00:00]} Kd7 {[%emt 0:00:00]} 66. Kxb5 {[%emt 0:00:00] Zeit (Lag: Av=0.73s, max=1.6s)} 1-0

[Event "Stay Safe Play From Home 256"]
[Site "Emanuel Lasker Arena"]
[Date "2020.06.26"]
[Round "5"]
[White "Toosieslide"]
[Black "SoulofWolf"]
[Result "1-0"]
[WhiteElo "2301"]
[BlackElo "2281"]
[PlyCount "63"]
[EventDate "2020.06.26"]
[EventType "swiss (blitz)"]

1. d4 {[%emt 0:00:02]} d5 {[%emt 0:00:00]} 2. c4 {[%emt 0:00:00]} Nf6 {[%emt 0:00:00]} 3. Nc3 {[%emt 0:00:01]} c6 {[%emt 0:00:01]} 4. Nf3 {[%emt 0:00:03]} h6 {[%emt 0:00:00]} 5. g3 {[%emt 0:00:01]} g5 {[%emt 0:00:01]} 6. Bg2 {[%emt 0:00:00]} Bg7 {[%emt 0:00:00]} 7. Ne5 {[%emt 0:00:01]} O-O {[%emt 0:00:00]} 8. O-O {[%emt 0:00:00]} e6 {[%emt 0:00:01]} 9. f4 {[%emt 0:00:00]} gxf4 {[%emt 0:00:01]} 10. Bxf4 {[%emt 0:00:00]} Nbd7 {[%emt 0:00:00]} 11. Qd2 {[%emt 0:00:01]} h5 {[%emt 0:00:02]} 12. Bg5 {[%emt 0:00:02]} Qe8 {[%emt 0:00:01]} 13. Bf3 {[%emt 0:00:04]} Nh7 {[%emt 0:00:00]} 14. Bxh5 {[%emt 0:00:01]} Nxe5 {[%emt 0:00:03]} 15. dxe5 {[%emt 0:00:01]} Bxe5 {[%emt 0:00:01]} 16. e4 {[%emt 0:00:01]} d4 {[%emt 0:00:02]} 17. Ne2 {[%emt 0:00:01]} Qd7 {[%emt 0:00:06]} 18. Bh6 {[%emt 0:00:01]} Re8 {[%emt 0:00:01]} 19. Nf4 {[%emt 0:00:01]} d3 {[%emt 0:00:06]} 20. Nxd3 {[%emt 0:00:01]} Bd4+ {[%emt 0:00:01]} 21. Kh1 {[%emt 0:00:01]} Re7 {[%emt 0:00:02]} 22. Rad1 {[%emt 0:00:03]} c5 {[%emt 0:00:03]} 23. Nf4 {[%emt 0:00:04]} Qc7 {[%emt 0:00:05]} 24. Nh3 {[%emt 0:00:03]} e5 {[%emt 0:00:03]} 25. Ng5 {[%emt 0:00:01]} Be6 {[%emt 0:00:02]} 26. Nxh7 {[%emt 0:00:01]} Kxh7 {[%emt 0:00:00]} 27. Qg5 {[%emt 0:00:02]} Rg8 {[%emt 0:00:01]} 28. Qf6 {[%emt 0:00:01]} Rg6 {[%emt 0:00:10]} 29. Bxg6+ {[%emt 0:00:03]} fxg6 {[%emt 0:00:00]} 30. Bg5 {[%emt 0:00:01]} Rf7 {[%emt 0:00:01]} 31. Qxe6 {[%emt 0:00:01]} b6 {[%emt 0:00:03]} 32. Rxf7+ {[%emt 0:00:01] Czas partii (Lag: Av=0.48s, max=0.9s)} 1-0

[Event "Stay Safe Play From Home 256"]
[Site "Emanuel Lasker Arena"]
[Date "2020.06.26"]
[Round "5"]
[White "Lazieri3"]
[Black "AChessPlayer"]
[Result "0-1"]
[WhiteElo "2026"]
[BlackElo "2426"]
[PlyCount "90"]
[EventDate "2020.06.26"]
[EventType "swiss (blitz)"]

1. e4 {[%emt 0:00:01]} c6 {[%emt 0:00:01]} 2. Nc3 {[%emt 0:00:00]} d5 {[%emt 0:00:00]} 3. exd5 {[%emt 0:00:01]} cxd5 {[%emt 0:00:00]} 4. d4 {[%emt 0:00:00]} Nf6 {[%emt 0:00:00]} 5. Nf3 {[%emt 0:00:00]} Nc6 {[%emt 0:00:00]} 6. Bf4 {[%emt 0:00:00]} Bf5 {[%emt 0:00:00]} 7. Bd3 {[%emt 0:00:01]} e6 {[%emt 0:00:02]} 8. Bxf5 {[%emt 0:00:01]} exf5 {[%emt 0:00:00]} 9. O-O {[%emt 0:00:00]} Be7 {[%emt 0:00:01]} 10. Re1 {[%emt 0:00:00]} O-O {[%emt 0:00:00]} 11. Ne5 {[%emt 0:00:00]} Ne4 {[%emt 0:00:01]} 12. f3 {[%emt 0:00:02]} Nxc3 {[%emt 0:00:01]} 13. bxc3 {[%emt 0:00:00]} Bf6 {[%emt 0:00:00]} 14. Qd3 {[%emt 0:00:02]} g6 {[%emt 0:00:01]} 15. Bh6 {[%emt 0:00:02]} Re8 {[%emt 0:00:02]} 16. Nxc6 {[%emt 0:00:01]} bxc6 {[%emt 0:00:00]} 17. Rab1 {[%emt 0:00:03]} Qd7 {[%emt 0:00:01]} 18. Bf4 {[%emt 0:00:05]} Rxe1+ {[%emt 0:00:05]} 19. Rxe1 {[%emt 0:00:01]} Re8 {[%emt 0:00:00]} 20. Rb1 {[%emt 0:00:01]} h5 {[%emt 0:00:02]} 21. Be3 {[%emt 0:00:01]} Kg7 {[%emt 0:00:01]} 22. Bf2 {[%emt 0:00:01]} f4 {[%emt 0:00:02]} 23. c4 {[%emt 0:00:01]} Qf5 {[%emt 0:00:02]} 24. Qxf5 {[%emt 0:00:01]} gxf5 {[%emt 0:00:00]} 25. cxd5 {[%emt 0:00:00]} cxd5 {[%emt 0:00:00]} 26. Kf1 {[%emt 0:00:01]} Rc8 {[%emt 0:00:01]} 27. Rb2 {[%emt 0:00:02]} Rc4 {[%emt 0:00:00]} 28. Rb5 {[%emt 0:00:04]} Rxc2 {[%emt 0:00:02]} 29. Rxd5 {[%emt 0:00:01]} Kg6 {[%emt 0:00:02]} 30. Ra5 {[%emt 0:00:01]} h4 {[%emt 0:00:05]} 31. h3 {[%emt 0:00:02]} Kg5 {[%emt 0:00:01]} 32. Rxa7 {[%emt 0:00:02]} Rxf2+ {[%emt 0:00:01]} 33. Kg1 {[%emt 0:00:03]} Bxd4 {[%emt 0:00:00]} 34. Rxf7 {[%emt 0:00:02]} Rxf3+ {[%emt 0:00:02]} 35. Kh2 {[%emt 0:00:05]} Rf1 {[%emt 0:00:00]} 36. g4 {[%emt 0:00:06]} fxg3+ {[%emt 0:00:05]} 37. Kg2 {[%emt 0:00:01]} Rf2+ {[%emt 0:00:00]} 38. Kg1 {[%emt 0:00:00]} Kf4 {[%emt 0:00:00]} 39. a4 {[%emt 0:00:01]} Ra2+ {[%emt 0:00:01]} 40. Kf1 {[%emt 0:00:00]} Ke3 {[%emt 0:00:01]} 41. a5 {[%emt 0:00:00]} f4 {[%emt 0:00:01]} 42. Rf5 {[%emt 0:00:00]} Kf3 {[%emt 0:00:00]} 43. Rxf4+ {[%emt 0:00:01]} Kxf4 {[%emt 0:00:01]} 44. a6 {[%emt 0:00:00]} Kf3 {[%emt 0:00:00]} 45. Ke1 {[%emt 0:00:00]} Ra1+ {[%emt 0:00:00]} 0-1

[Event "Stay Safe Play From Home 256"]
[Site "Emanuel Lasker Arena"]
[Date "2020.06.26"]
[Round "5"]
[White "Bardellosport"]
[Black "Greblha"]
[Result "1-0"]
[WhiteElo "2020"]
[BlackElo "1965"]
[PlyCount "107"]
[EventDate "2020.06.26"]
[EventType "swiss (blitz)"]

1. d3 {[%emt 0:00:01]} c6 {[%emt 0:00:00]} 2. Nf3 {[%emt 0:00:00]} d5 {[%emt 0:00:00]} 3. g3 {[%emt 0:00:00]} Nf6 {[%emt 0:00:01]} 4. Bg2 {[%emt 0:00:00]} Bg4 {[%emt 0:00:01]} 5. Nbd2 {[%emt 0:00:00]} Bxf3 {[%emt 0:00:00]} 6. Nxf3 {[%emt 0:00:01]} e6 {[%emt 0:00:00]} 7. O-O {[%emt 0:00:01]} Be7 {[%emt 0:00:00]} 8. Nd2 {[%emt 0:00:02]} O-O {[%emt 0:00:00]} 9. e4 {[%emt 0:00:00]} Nbd7 {[%emt 0:00:01]} 10. Qe2 {[%emt 0:00:00]} dxe4 {[%emt 0:00:01]} 11. dxe4 {[%emt 0:00:00]} Ne8 {[%emt 0:00:01]} 12. c3 {[%emt 0:00:00]} e5 {[%emt 0:00:00]} 13. f4 {[%emt 0:00:01]} f6 {[%emt 0:00:01]} 14. f5 {[%emt 0:00:01]} Nb6 {[%emt 0:00:01]} 15. Nf3 {[%emt 0:00:00]} Qc7 {[%emt 0:00:01]} 16. Be3 {[%emt 0:00:01]} Rd8 {[%emt 0:00:01]} 17. Rad1 {[%emt 0:00:00]} Nd6 {[%emt 0:00:01]} 18. g4 {[%emt 0:00:01]} Nb5 {[%emt 0:00:01]} 19. g5 {[%emt 0:00:02]} a6 {[%emt 0:00:01]} 20. h4 {[%emt 0:00:01]} Na8 {[%emt 0:00:02]} 21. Nh2 {[%emt 0:00:01]} b6 {[%emt 0:00:01]} 22. g6 {[%emt 0:00:01]} h6 {[%emt 0:00:02]} 23. Qh5 {[%emt 0:00:01]} Bc5 {[%emt 0:00:04]} 24. Bxc5 {[%emt 0:00:07]} bxc5 {[%emt 0:00:01]} 25. Ng4 {[%emt 0:00:00]} Rxd1 {[%emt 0:00:02]} 26. Rxd1 {[%emt 0:00:01]} c4 {[%emt 0:00:01]} 27. Rf1 {[%emt 0:00:00]} Nb6 {[%emt 0:00:02]} 28. Nxh6+ {[%emt 0:00:01]} gxh6 {[%emt 0:00:01]} 29. Qxh6 {[%emt 0:00:00]} Qg7 {[%emt 0:00:01]} 30. Qh5 {[%emt 0:00:00]} Rd8 {[%emt 0:00:01]} 31. Qg4 {[%emt 0:00:00]} Rd3 {[%emt 0:00:02]} 32. h5 {[%emt 0:00:02]} Qh6 {[%emt 0:00:02]} 33. Qh4 {[%emt 0:00:01]} Qe3+ {[%emt 0:00:01]} 34. Rf2 {[%emt 0:00:02]} Rd1+ {[%emt 0:00:01]} 35. Kh2 {[%emt 0:00:01]} Qh6 {[%emt 0:00:01]} 36. Qg3 {[%emt 0:00:01]} Kg7 {[%emt 0:00:02]} 37. Bf3 {[%emt 0:00:01]} Rd3 {[%emt 0:00:01]} 38. Qg2 {[%emt 0:00:01]} Nd7 {[%emt 0:00:01]} 39. b3 {[%emt 0:00:01]} Qf4+ {[%emt 0:00:01]} 40. Qg3 {[%emt 0:00:01]} Qh6 {[%emt 0:00:02]} 41. bxc4 {[%emt 0:00:02]} Na3 {[%emt 0:00:01]} 42. Rb2 {[%emt 0:00:01]} Nxc4 {[%emt 0:00:02]} 43. Rb7 {[%emt 0:00:00]} Ne3 {[%emt 0:00:01]} 44. Be2 {[%emt 0:00:01]} Rxc3 {[%emt 0:00:02]} 45. Rxd7+ {[%emt 0:00:01]} Kg8 {[%emt 0:00:02]} 46. Qf2 {[%emt 0:00:02]} Ng4+ {[%emt 0:00:02]} 47. Bxg4 {[%emt 0:00:01]} Qg5 {[%emt 0:00:02]} 48. Bf3 {[%emt 0:00:02]} Qh4+ {[%emt 0:00:01]} 49. Qxh4 {[%emt 0:00:01]} Rc2+ {[%emt 0:00:01]} 50. Kg3 {[%emt 0:00:01]} Rc3 {[%emt 0:00:01]} 51. h6 {[%emt 0:00:01]} Rxf3+ {[%emt 0:00:02]} 52. Kxf3 {[%emt 0:00:01]} Kf8 {[%emt 0:00:01]} 53. Qxf6+ {[%emt 0:00:00]} Ke8 {[%emt 0:00:00]} 54. Qe7# {[%emt 0:00:01] (Lag: Av=0.35s, max=0.7s)} 1-0

[Event "Stay Safe Play From Home 256"]
[Site "Emanuel Lasker Arena"]
[Date "2020.06.26"]
[Round "5"]
[White "Fischer_11"]
[Black "Buzaglo"]
[Result "0-1"]
[WhiteElo "1932"]
[BlackElo "1939"]
[Annotator "NA"]
[PlyCount "74"]
[EventDate "2020.06.26"]
[EventType "swiss (blitz)"]

1. e4 {[%emt 0:00:01]} e6 {[%emt 0:00:00]} 2. d4 {[%emt 0:00:01]} d5 {[%emt 0:00:00]} 3. Nd2 {[%emt 0:00:01]} c5 {[%emt 0:00:00]} 4. c3 {[%emt 0:00:02]} cxd4 {[%emt 0:00:00]} 5. cxd4 {[%emt 0:00:01]} Nc6 {[%emt 0:00:01]} 6. Ngf3 {[%emt 0:00:02]} dxe4 {[%emt 0:00:01]} 7. Nxe4 {[%emt 0:00:01]} Nf6 {[%emt 0:00:02]} 8. Bg5 {[%emt 0:00:01]} Be7 {[%emt 0:00:01]} 9. Bd3 {[%emt 0:00:03]} Nxe4 {[%emt 0:00:01]} 10. Bxe7 {[%emt 0:00:00]} Qxe7 {[%emt 0:00:02]} 11. Bxe4 {[%emt 0:00:01]} O-O {[%emt 0:00:01]} 12. Rc1 {[%emt 0:00:01]} f5 {[%emt 0:00:01]} 13. Bxc6 {[%emt 0:00:01]} bxc6 {[%emt 0:00:01]} 14. Rxc6 {[%emt 0:00:00]} Bb7 {[%emt 0:00:01]} 15. Rc3 {[%emt 0:00:04]} Qb4 {[%emt 0:00:01]} 16. Qb3 {[%emt 0:00:03]} Qe7 {[%emt 0:00:07]} 17. O-O {[%emt 0:00:03]} Bd5 {[%emt 0:00:01]} 18. Qc2 {[%emt 0:00:05]} h6 {[%emt 0:00:07]} 19. Ne5 {[%emt 0:00:02]} Be4 {[%emt 0:00:01]} 20. Qe2 {[%emt 0:00:03]} Qd6 {[%emt 0:00:01]} 21. f3 {[%emt 0:00:03]} Qxd4+ {[%emt 0:00:01]} 22. Kh1 {[%emt 0:00:03]} Bd5 {[%emt 0:00:02]} 23. Nc6 {[%emt 0:00:07]} Bxc6 {[%emt 0:00:04]} 24. Rxc6 {[%emt 0:00:00]} e5 {[%emt 0:00:00]} 25. Re1 {[%emt 0:00:02]} e4 {[%emt 0:00:02]} 26. fxe4 {[%emt 0:00:00]} fxe4 {[%emt 0:00:01]} 27. h3 {[%emt 0:00:00]} Rae8 {[%emt 0:00:02]} 28. Rc7 {[%emt 0:00:01]} Qd6 {[%emt 0:00:02]} 29. Rxa7 {[%emt 0:00:01]} Qb6 {[%emt 0:00:01]} 30. Qe3 {[%emt 0:00:01]} Qxe3 {[%emt 0:00:02]} 31. Rxe3 {[%emt 0:00:00]} Rb8 {[%emt 0:00:01]} 32. b3 {[%emt 0:00:01]} Rbe8 {[%emt 0:00:01]} 33. Ra4 {[%emt 0:00:00]} Rf1+ {[%emt 0:00:00]} 34. Kh2 {[%emt 0:00:02]} Rf4 {[%emt 0:00:00]} 35. Rd4 {[%emt 0:00:01]} Rf2 {[%emt 0:00:01]} 36. Kg3 {[%emt 0:00:00]} Rxa2 {[%emt 0:00:01]} 37. Rdxe4 {[%emt 0:00:00]} Rf8 {[%emt 0:00:01] Zeit (Lag: Av=0.42s, max=1.0s)} 0-1

[Event "Stay Safe Play From Home 256"]
[Site "Emanuel Lasker Arena"]
[Date "2020.06.26"]
[Round "5"]
[White "Haris kollari 13"]
[Black "Grizzzly"]
[Result "0-1"]
[WhiteElo "1743"]
[BlackElo "1828"]
[Annotator "NA"]
[PlyCount "88"]
[EventDate "2020.06.26"]
[EventType "swiss (blitz)"]

1. d4 {[%emt 0:00:01]} d5 {[%emt 0:00:01]} 2. c4 {[%emt 0:00:01]} e6 {[%emt 0:00:00]} 3. Nc3 {[%emt 0:00:02]} Nf6 {[%emt 0:00:00]} 4. Nf3 {[%emt 0:00:01]} Nbd7 {[%emt 0:00:01]} 5. g3 {[%emt 0:00:01]} c6 {[%emt 0:00:02]} 6. b3 {[%emt 0:00:02]} Bb4 {[%emt 0:00:00]} 7. Bb2 {[%emt 0:00:03]} Ne4 {[%emt 0:00:01]} 8. Qc2 {[%emt 0:00:01]} Qa5 {[%emt 0:00:03]} 9. Rc1 {[%emt 0:00:02]} O-O {[%emt 0:00:00]} 10. a3 {[%emt 0:00:02]} Bxc3+ {[%emt 0:00:02]} 11. Bxc3 {[%emt 0:00:01]} Qxa3 {[%emt 0:00:01]} 12. Ra1 {[%emt 0:00:02]} Qe7 {[%emt 0:00:01]} 13. Bg2 {[%emt 0:00:02]} f5 {[%emt 0:00:06]} 14. O-O {[%emt 0:00:01]} Ndf6 {[%emt 0:00:01]} 15. Bb2 {[%emt 0:00:03]} f4 {[%emt 0:00:04]} 16. Ne5 {[%emt 0:00:02]} fxg3 {[%emt 0:00:02]} 17. hxg3 {[%emt 0:00:01]} Nd7 {[%emt 0:00:03]} 18. Bxe4 {[%emt 0:00:03]} Nxe5 {[%emt 0:00:01]} 19. dxe5 {[%emt 0:00:02]} g6 {[%emt 0:00:03]} 20. Bg2 {[%emt 0:00:01]} Qg5 {[%emt 0:00:01]} 21. cxd5 {[%emt 0:00:02]} cxd5 {[%emt 0:00:00]} 22. Qc7 {[%emt 0:00:02]} Rf7 {[%emt 0:00:02]} 23. Qd6 {[%emt 0:00:03]} Bd7 {[%emt 0:00:01]} 24. Ba3 {[%emt 0:00:01]} Re8 {[%emt 0:00:05]} 25. Bc5 {[%emt 0:00:01]} Bc6 {[%emt 0:00:01]} 26. Be3 {[%emt 0:00:01]} Qe7 {[%emt 0:00:02]} 27. Qxe7 {[%emt 0:00:01]} Rfxe7 {[%emt 0:00:00]} 28. Rxa7 {[%emt 0:00:01]} b6 {[%emt 0:00:01]} 29. Rxe7 {[%emt 0:00:02]} Rxe7 {[%emt 0:00:00]} 30. Ra1 {[%emt 0:00:01]} Rb7 {[%emt 0:00:01]} 31. Ra6 {[%emt 0:00:01]} Kf7 {[%emt 0:00:00]} 32. Rxb6 {[%emt 0:00:01]} Rxb6 {[%emt 0:00:00]} 33. Bxb6 {[%emt 0:00:00]} Ke8 {[%emt 0:00:02]} 34. Bf3 {[%emt 0:00:01]} Kd7 {[%emt 0:00:00]} 35. e3 {[%emt 0:00:01]} Bb5 {[%emt 0:00:01]} 36. Bc5 {[%emt 0:00:01]} Bd3 {[%emt 0:00:00]} 37. Bd6 {[%emt 0:00:01]} Kc6 {[%emt 0:00:00]} 38. b4 {[%emt 0:00:01]} Kb5 {[%emt 0:00:00]} 39. Kg2 {[%emt 0:00:01]} Kc4 {[%emt 0:00:00]} 40. Bg4 {[%emt 0:00:01]} Be4+ {[%emt 0:00:01]} 41. f3 {[%emt 0:00:02]} Bd3 {[%emt 0:00:01]} 42. Bxe6 {[%emt 0:00:01]} Kb5 {[%emt 0:00:02]} 43. Bxd5 {[%emt 0:00:01]} Bc2 {[%emt 0:00:01]} 44. Bg8 {[%emt 0:00:01]} Be4 {[%emt 0:00:00] Time (Lag: Av=0.42s, max=0.5s)} 0-1

[Event "Stay Safe Play From Home 256"]
[Site "Emanuel Lasker Arena"]
[Date "2020.06.26"]
[Round "5"]
[White "NeatFox"]
[Black "grazie"]
[Result "1-0"]
[WhiteElo "1714"]
[BlackElo "1805"]
[Annotator "NA"]
[PlyCount "77"]
[EventDate "2020.06.26"]
[EventType "swiss (blitz)"]

1. g4 {[%emt 0:00:02]} e6 {[%emt 0:00:00]} 2. Bg2 {[%emt 0:00:01]} d5 {[%emt 0:00:00]} 3. c4 {[%emt 0:00:01]} h5 {[%emt 0:00:06]} 4. cxd5 {[%emt 0:00:00]} exd5 {[%emt 0:00:01]} 5. Qb3 {[%emt 0:00:01]} c6 {[%emt 0:00:01]} 6. gxh5 {[%emt 0:00:01]} Rxh5 {[%emt 0:00:01]} 7. Bf3 {[%emt 0:00:00]} Rh3 {[%emt 0:00:01]} 8. Nc3 {[%emt 0:00:00]} Rh8 {[%emt 0:00:02]} 9. d4 {[%emt 0:00:00]} Nf6 {[%emt 0:00:01]} 10. Bg5 {[%emt 0:00:01]} Be7 {[%emt 0:00:00]} 11. e4 {[%emt 0:00:01]} dxe4 {[%emt 0:00:03]} 12. Nxe4 {[%emt 0:00:00]} Nxe4 {[%emt 0:00:01]} 13. Bxe7 {[%emt 0:00:00]} Qxe7 {[%emt 0:00:01]} 14. Qe3 {[%emt 0:00:02]} Nf6 {[%emt 0:00:02]} 15. O-O-O {[%emt 0:00:03]} Qxe3+ {[%emt 0:00:01]} 16. fxe3 {[%emt 0:00:00]} Be6 {[%emt 0:00:01]} 17. a3 {[%emt 0:00:01]} Nbd7 {[%emt 0:00:01]} 18. Ne2 {[%emt 0:00:02]} Nb6 {[%emt 0:00:01]} 19. Nc3 {[%emt 0:00:01]} Rd8 {[%emt 0:00:01]} 20. Rde1 {[%emt 0:00:05]} Nbd5 {[%emt 0:00:03]} 21. Ne2 {[%emt 0:00:02]} Nxe3 {[%emt 0:00:01]} 22. Nf4 {[%emt 0:00:00]} Ned5 {[%emt 0:00:02]} 23. Nxe6 {[%emt 0:00:01]} fxe6 {[%emt 0:00:01]} 24. Rxe6+ {[%emt 0:00:00]} Kf7 {[%emt 0:00:01]} 25. Re2 {[%emt 0:00:03]} Nf4 {[%emt 0:00:02]} 26. Rd2 {[%emt 0:00:02]} Rd6 {[%emt 0:00:02]} 27. h4 {[%emt 0:00:03]} Rhd8 {[%emt 0:00:01]} 28. Rhd1 {[%emt 0:00:02]} g6 {[%emt 0:00:03]} 29. b4 {[%emt 0:00:05]} b6 {[%emt 0:00:04]} 30. Kc2 {[%emt 0:00:01]} c5 {[%emt 0:00:02]} 31. bxc5 {[%emt 0:00:01]} bxc5 {[%emt 0:00:01]} 32. d5 {[%emt 0:00:01]} N6xd5 {[%emt 0:00:03]} 33. Rf2 {[%emt 0:00:01]} Ne3+ {[%emt 0:00:01]} 34. Kc1 {[%emt 0:00:03]} Nxd1 {[%emt 0:00:02]} 35. Kc2 {[%emt 0:00:01]} Ne3+ {[%emt 0:00:01]} 36. Kb3 {[%emt 0:00:02]} Ned5 {[%emt 0:00:01]} 37. Kc4 {[%emt 0:00:01]} Kf6 {[%emt 0:00:03]} 38. Be4 {[%emt 0:00:01]} g5 {[%emt 0:00:01]} 39. Kxc5 {[%emt 0:00:01] Zeit (Lag: Av=0.34s, max=0.4s)} 1-0